000
00309nam a22001457a 4500
008
210429b ||||| |||| 00| 0 eng d
020
_a
9781111532147
041
_a
eng
080
_a
33
082
_a
33
100
_a
58
101
_a
BIZ
245
_a
BCOM Instructor Edition
_c
Lehman,
942
_2
udc
_c
BK
999
_c
56975
_d
56975